Normal view
MARC view
Entry Personal Name
001 - CONTROL NUMBER
- control field: 14675
003 - CONTROL NUMBER IDENTIFIER
- control field: BD-RjUL
005 - DATE AND TIME OF LATEST TRANSACTION
- control field: 20241212100140.0
008 - FIXED-LENGTH DATA ELEMENTS
- fixed length control field: 241212|| aca||aabn | a|a d
040 ## - CATALOGING SOURCE
- Original cataloging agency: BD-RjUL
- Transcribing agency: BD-RjUL
100 ## - HEADING--PERSONAL NAME
- Personal name: Haque, Mohammed Ashraful
670 ## - SOURCE DATA FOUND
- Source citation: Work cat.: (BD-RjUL)84530: Haque, Mohammed Ashraful, Spawning and Nursery Ground Identification, on-Board Artificial Fertilization and Larval Rearing of Asin Seabass Lates Calcarifer in Bangladesh /, 2022